Tutus : reklama na nedokonalost /

Hlavní autor: Primus, Zdenek, 1952-
Další autoři: Nosch, 1958-
Jazyk: Čeština
Vydáno: V Praze : KANT :Aula, 2012
Vydání: Vyd. 1.
Edice: Literární kabinet (Aula : KANT)
Témata:
Fyzický popis: 309 s. : il. ; 19 cm
Knihy
Uloženo v:
LEADER 01308cam a2200385 a 4500
001 nkc20122389215
003 CZ PrNK
005 20130506093047.0
007 ta
008 120717s2012 xr a g 000 j cze d
015 |a cnb002389215 
020 |a 978-80-7437-070-0  |q (KANT :  |q brož.) 
020 |a 978-80-86751-14-6  |q (Aula :  |q brož.) 
035 |a (OCoLC)837501405 
040 |a KLG001  |b cze  |d BOA001  |d ABA001 
072 7 |a 821.162.3-3  |x Česká próza  |2 Konspekt  |9 25 
080 |a 821.162.3-32  |2 MRF 
080 |a (0:82-32)  |2 MRF 
100 1 |a Primus, Zdenek,  |d 1952-  |7 jn20000620295  |4 aut 
245 1 0 |a Tutus :  |b reklama na nedokonalost /  |c Zdenek Primus ; ilustrace Nosch 
246 3 |a Reklama na nedokonalost - Tutus 
246 1 8 |a Tutus - reklama na nedokonalost 
250 |a Vyd. 1. 
260 |a V Praze :  |b KANT :  |b Aula,  |c 2012 
300 |a 309 s. :  |b il. ;  |c 19 cm 
490 1 |a Literární kabinet ;  |v sv. 4 
655 7 |a české povídky  |7 fd133971  |2 czenas 
655 9 |a Czech short stories  |2 eczenas 
700 0 |a Nosch,  |d 1958-  |7 jo2004244322  |4 ill 
830 0 |a Literární kabinet (Aula : KANT)  |0 s 
910 2 |a BOA001  |b 1-1299.295 
990 |a BK 
995 |a 01 
991 |b 201302  |e b 
996 6 |b 2610537935  |c 1-1299.295  |l MZK  |r Sklad / do 1 hodiny  |n 0  |p p.v.  |w 001312109  |u 000010  |a 1  |e BOA001  |j MZK50  |s P